000 01150cam a2200361 i 4500
001 SSB063581
003 PILC
005 20160317145424.0
008 131203s2014 mauaa b 001 0 eng
010 _a2013474709
020 _a9780321866387 (pbk.)
020 _a9780321821058
020 _a032182105X
020 _a9781292039138 (Pearson New International Edition)
020 _a1292039132 (Pearson New International Edition)
040 _aDLC
_beng
_cDLC
_erda
042 _apcc
050 0 0 _aG 116
_b.W893 2014
245 1 0 _aWorld regions in global context :
_bpeoples, places, and environments /
_cSallie A. Marston [and 4 others].
250 _a5th edition.
260 _aEngland :
_bPearson,
_c2014.
300 _aii, 532 pages :
_bchiefly color illustrations ;
_c28 cm.
500 _aIncludes index.
650 0 _aGeography
_vTextbooks.
650 0 _aGlobalization
_vTextbooks.
700 1 _aMarston, Sallie A.
700 1 _aKnox, Paul L.
700 1 _aLiverman, Diana M.
700 1 _aDel Casino, Vincent J.
700 1 _aRobbins, Paul,
_d1967-
730 0 _aWorld regions in global context.
942 _2lcc
_cBK
_kFOR
999 _c284523
_d284523